000 00939nam a2200157 a 4500
008 080109s1971 ||||||||||||||||| || u
050 _aTK 1191 Cen
245 0 0 _aModern Power station practice: Central Electricity Generating Board
250 _a2nd ed.
260 _aOxford:
_bPergamon
_c1971
350 _a0.00
995 _aMAIN LIBRARY OPEN ACCESS
_D0.00
_e018778
_FCBU-MAIN LIBRARY (Kitwe)
_H4
_I20.00
_jTK 1191 Cen
_UAVAILABLE
_y018778
_ZMain Library Open Access Collection
995 _aMAIN LIBRARY OPEN ACCESS
_D0.00
_e717857
_FCBU-MAIN LIBRARY (Kitwe)
_H1
_I20.00
_jTK 1191 Cen
_UAVAILABLE
_y016691
_ZMain Library Open Access Collection
995 _aANNEX COLLECTION (Main Library)
_D0.00
_e717960
_FCBU-MAIN LIBRARY (Kitwe)
_H3
_I20.00
_jTK 1191 Cen
_UAVAILABLE
_y016692
_ZAnnex Low-Usage Collection
995 _aMAIN LIBRARY OPEN ACCESS
_D0.00
_e717961
_FCBU-MAIN LIBRARY (Kitwe)
_H2
_I20.00
_jTK 1191 Cen
_ULOST
_y016698
_ZMain Library Open Access Collection
999 _c77604
_d77604